| 000 | 00513nam a2200157Ia 4500 | ||
|---|---|---|---|
| 008 | 190328s9999||||xx |||||||||||||| ||und|| | ||
| 020 | _a2881450539 | ||
| 082 |
_a341.65 _bICR/T |
||
| 100 | _aICRC | ||
| 245 | 4 | _aThe Geneva Conventions of 12 August 1949; Commentary III Geneva Convantion : Relative to the Treatment of Prisoners of War | |
| 250 | _a2nd | ||
| 260 |
_aNew Delhi _bInternational Committee of the Red Cross _c2006 |
||
| 300 | _a764p. | ||
| 650 | _aInternation Law, Internation Trade Law | ||
| 942 | _cBK | ||
| 999 |
_c4581 _d4581 |
||